The Portable Coleridge
Guardado en:
| Format: | Bog |
|---|---|
| Sprog: | Undetermined |
| Udgivet: |
New York, Estados Unidos
Viking Press
1969
|
| Udgivelse: | 7 |
| Fag: | |
| Tags: |
Tilføj Tag
Ingen Tags, Vær først til at tagge denne postø!
|
MARC
| LEADER | 00000nam a2200000Ia 4500 | ||
|---|---|---|---|
| 008 | 170316s9999 xx 000 0 und d | ||
| 040 | |a cru BVZT | ||
| 090 | |a B-820 P-3p | ||
| 245 | 4 | |a The Portable Coleridge | |
| 250 | |a 7 | ||
| 260 | |a New York, Estados Unidos | ||
| 260 | |b Viking Press | ||
| 260 | |c 1969 | ||
| 300 | |a 630 páginas | ||
| 650 | |a LITERATURA INGLESA | ||
| 650 | |a BIOGRAFÍA | ||
| 999 | |c 12705 |d 12705 | ||
| 942 | |c 15 D |h B-820 P-3p |2 z | ||
